Logo CIB grande

Bayesian structural equation modeling (Registro nro. 237496)

Detalles MARC
000 -LEADER
campo de control de longitud fija 00599nam a2200205Ia 4500
003 - IDENTIFICADOR DE NÚMERO DE CONTROL
campo de control EC-GqESP
005 - FECHA Y HORA DE LA ÚLTIMA TRANSACCIÓN
campo de control 20251211145437.0
008 - DATOS DE LONGITUD FIJA--INFORMACIÓN GENERAL
campo de control de longitud fija 250425s9999 xx 000 0 und d
010 ## - NÚMERO DE CONTROL DE LA BIBLIOTECA DEL CONGRESO
Número de control de LC 112328
020 ## - NÚMERO INTERNACIONAL ESTÁNDAR DEL LIBRO
Número Internacional Estándar del Libro 9781462547746
041 ## - CÓDIGO DE IDIOMA
Código de lengua del texto/banda sonora o título independiente eng
082 ## - NÚMERO DE LA CLASIFICACIÓN DECIMAL DEWEY
Número de clasificación 519.542
Iniciales del Autor DEP
100 ## - ENTRADA PRINCIPAL--NOMBRE DE PERSONA
Nombre de persona Depaoli, Sarah
245 #0 - MENCIÓN DEL TÍTULO
Título Bayesian structural equation modeling
Mención de responsabilidad, etc. Sarah Depaoli
260 ## - PUBLICACIÓN, DISTRIBUCIÓN, ETC.
Lugar de publicación, distribución, etc. New York
Nombre del editor, distribuidor, etc. The Guilford Press
Fecha de publicación, distribución, etc. 2021
300 ## - DESCRIPCIÓN FÍSICA
Extensión 521 páginas
650 ## - PUNTO DE ACCESO ADICIONAL DE MATERIA--TÉRMINO DE MATERIA
Término de materia o nombre geográfico como elemento de entrada Modelos estadísticos- modelos de ecuaciones estructurales
650 ## - PUNTO DE ACCESO ADICIONAL DE MATERIA--TÉRMINO DE MATERIA
Término de materia o nombre geográfico como elemento de entrada Teoría de la decisión estadística bayesiana
942 ## - ELEMENTOS DE ENTRADA SECUNDARIOS (KOHA)
Tipo de ítem Koha Libros
Existencias
Estatus retirado Estado de pérdida Fuente de la clasificación o esquema de estantería Estado de daño No para préstamo Biblioteca de origen Biblioteca actual Fecha de adquisición Coste, precio normal de compra Etiqueta RFID Total de préstamos Signatura topográfica completa Código de barras Visto por última vez Copia número Fecha de reemplazo Tipo de ítem Koha Nota pública forma de adquisición
    Clasificación Decimal Dewey     ESCUELA DE NEGOCIOS CENTRO DE INFORMACIÓN BIBLIOTECARIA 09/12/2022 128.00 0000000000000000035759   150.1519542 DEP 80716 08/08/2025 1 08/08/2025 Libros CIB Compra / Multilibro

Copyright 2025 ESPOL. Todos los derechos reservados.